header

Breviloquium / (Record no. 117962)

MARC details
000 -LEADER
fixed length control field 01757nam a22003971i 4500
001 - CONTROL NUMBER
control field ebr10756326
003 - CONTROL NUMBER IDENTIFIER
control field CaPaEBR
006 - FIXED-LENGTH DATA ELEMENTS--ADDITIONAL MATERIAL CHARACTERISTICS--GENERAL INFORMATION
fixed length control field m o d
007 - PHYSICAL DESCRIPTION FIXED FIELD--GENERAL INFORMATION
fixed length control field cr cn|||||||||
008 - FIXED-LENGTH DATA ELEMENTS--GENERAL INFORMATION
fixed length control field 051201s2005 nyu ob 001 0 eng d
020 ## - INTERNATIONAL STANDARD BOOK NUMBER
Cancelled/invalid ISBN 1576591999 (pbk.)
Cancelled/invalid ISBN 9781576591994
International Standard Book Number 9781576593301 (e-book)
040 ## - CATALOGING SOURCE
Original cataloging agency CaPaEBR
Language of cataloging eng
Description conventions rda
-- pn
Transcribing agency CaPaEBR
035 ## - SYSTEM CONTROL NUMBER
System control number (OCoLC)861528200
041 1# - LANGUAGE CODE
Language code of text/sound track or separate title eng
Language code of original and/or intermediate translations of text lat
050 14 - LIBRARY OF CONGRESS CALL NUMBER
Classification number BX890
Item number .B6613 2005eb
100 0# - MAIN ENTRY--PERSONAL NAME
Personal name Bonaventure,
Titles and other words associated with a name Saint, Cardinal,
Dates associated with a name approximately 1217-1274.
245 10 - TITLE STATEMENT
Title Breviloquium /
Statement of responsibility, etc introduction, translation, and notes by Dominic V. Monti.
264 #1 - PRODUCTION, PUBLICATION, DISTRIBUTION, MANUFACTURE, AND COPYRIGHT NOTICE
Place of production, publication, distribution, manufacture St. Bonaventure, New York :
Name of producer, publisher, distributor, manufacturer Franciscan Institute Publications,
Date of production, publication, distribution, manufacture, or copyright notice 2005.
300 ## - PHYSICAL DESCRIPTION
Extent 1 online resource (382 pages)
336 ## - CONTENT TYPE
Content type term text
Source rdacontent
337 ## - MEDIA TYPE
Media type term computer
Source rdamedia
338 ## - CARRIER TYPE
Carrier type term online resource
Source rdacarrier
440 #0 - SERIES STATEMENT/ADDED ENTRY--TITLE
Title Works of St. Bonaventure ;
Volume number/sequential designation 9
504 ## - BIBLIOGRAPHY, ETC. NOTE
Bibliography, etc Includes bibliographical references and indexes.
588 ## - SOURCE OF DESCRIPTION NOTE
Source of description note Description based on print version record.
590 ## - LOCAL NOTE (RLIN)
Local note Electronic reproduction. Palo Alto, Calif. : ebrary, 2013. Available via World Wide Web. Access may be limited to ebrary affiliated libraries.
610 20 - SUBJECT ADDED ENTRY--CORPORATE NAME
Corporate name or jurisdiction name as entry element Catholic Church
Form subdivision Controversial literature.
650 #0 - SUBJECT ADDED ENTRY--TOPICAL TERM
Topical term or geographic name as entry element Theology, Doctrinal.
655 #0 - INDEX TERM--GENRE/FORM
Genre/form data or focus term Electronic books.
700 1# - ADDED ENTRY--PERSONAL NAME
Personal name Monti, Dominic,
Dates associated with a name 1943-
776 08 - ADDITIONAL PHYSICAL FORM ENTRY
Display text Print version:
Main entry heading Bonaventure, Saint, Cardinal.
Title Breviloquium.
Place, publisher, and date of publication St. Bonaventure, New York : Franciscan Institute Publications, 2005
Physical description l, 329 pages ; 23 cm.
Series data for related item Works of St. Bonaventure ; 9
International Standard Book Number 9781576591994
Record control number (DLC) 2005932513
797 2# - LOCAL ADDED ENTRY--CORPORATE NAME (RLIN)
Corporate name or jurisdiction name as entry element ebrary.
856 40 - ELECTRONIC LOCATION AND ACCESS
Uniform Resource Identifier <a href="http://site.ebrary.com/lib/rucke/Doc?id=10756326">http://site.ebrary.com/lib/rucke/Doc?id=10756326</a>
Public note An electronic book accessible through the World Wide Web; click to view

No items available.

© 2026 Rongo University
Contact us: librarian | system librarian | Rongo university